KMR Rybnik - 2 - Statystyki

Ogólne statystyki
  • Ten quiz został rozwiązany 8 razy
  • Średni wynik to 11 z 28
Statystyki odpowiedzi
Dzielnica/Miejscowość Przystanek % Poprawnych
Śródmieście Bazylika
60%
Śródmieście Dworzec Kol.
60%
Radlin Korfantego Centrum
60%
Śródmieście Kościuszki
60%
Smolna Osiedle
60%
Niedobczyce Paryż
60%
Śródmieście Piasta
60%
Śródmieście Sąd
60%
Marklowice Słoneczna Wyspa
60%
Niedobczyce Szkoła
60%
Rybnik Dworzec Autobusowy
40%
Smolna Franciszkanie
40%
Niedobczyce Karolinka
40%
Radlin Marklowicka Dom Górnika
40%
Niedobczyce Orlik
40%
Północ Rondo Gliwickie
40%
Niedobczyce Stadion
40%
Obszary Wiadukt
40%
Marklowice Wiosny Ludów Sklep
40%
Zamysłów Wodzisławska
40%
Niedobczyce Wrębowa
40%
Radlin Korfantego KWK Marcel
20%
Radlin Korfantego Makuszyńskiego
20%
Radlin Rogozina
20%
Marklowice Wiosny Ludów Kaplica
20%
Marklowice Dolne
0%
Marklowice Wiosny Ludów Górka
0%
Marklowice Wiosny Ludów Widokowa
0%
Nie znaleziono quizów pasujących do podanych kryteriów
Rozkład punktacji
Procent ludzi z każdym wynikiem
Percentyl według liczby udzielonych odpowiedzi
Twoja historia wyników
Nie rozwiązałeś tego quizu